Mathekette - Statistiken

Allgemein
  • Dieses Quiz wurde 252 mal gespielt
    246 seit der letzten Aktualisierung
  • Das Durchschnittsergebnis liegt bei 35 aus 40
Antwortstatistiken
Aufgabe Lösung % Korrekt
9+3 12
100%
1+1 2
100%
11-7 4
100%
5+1 6
99%
16:2 8
99%
103+18 121
98%
5x3 15
98%
7x7 49
98%
57+7 64
98%
9x9+7 88
96%
3+4+11 18
95%
2x17 34
95%
3x12 36
95%
20x13 260
94%
39:13 3
94%
26-21 5
94%
2x2x2x2x2 32
93%
26+32 58
92%
162:2 81
92%
6+4+16+2 28
91%
67-3 64
91%
47+22 69
91%
14x9 126
90%
29+28 57
90%
110:11 10
83%
17x21+10 367
83%
die letzte Antwort x3 30
82%
50x7 350
82%
247+119 366
82%
8-1 7
82%
196-13 183
81%
3x107 321
81%
11+13+11+13 48
81%
43+56 99
81%
99x101 9999
78%
396:18 22
75%
76+59 135
73%
72:3 24
73%
die letzte Antwort :3 8
72%
333+444 777
71%
Keine übereinstimmenden Quizze gefunden
Verteilung der Resultate
Anzahl Personen mit jedem Resultat
Perzentil nach korrekt beantworteten Fragen
Ihre Resultats-Entwicklung
Sie haben dieses Quiz seit der letzten Aktualisierung nicht gespielt